1846 1207 1851 1719 1326 1956 1977 1527 1354 1974 1892 1022 1289 1713 1355 1514 1340 1838 1821 1728 1700 2000 1167 1847 1723 1555 1646 1738 1503 1480 1930 1058 1716 1461 1453 1684 1873 1830 1209 1563 1496 1547 1696 1076 1736 1057 1550 1937 1011 1804 1587 1617 1170 1500 1122 1311 1180 1760 1142 1075 1392 1545 1248 1208 1878 1723 1499 1924 1788 1048 1487 1529 1217 1544 1124 1238 1752 1459 1263 1258 1680 1606 1322 1848 1954 1019 1254 1108 1837 1831 1271 1478 1851 1022 1605 1255 1262 1464 1392 BCNSPRNW ULIB Ver.6.0+V

เปลี่ยนเป็นภาษาไทย

Change to English
 แสดงรายละเอียดบรรณานุกรม
  กลับหน้าหลัก

Brief Record : Get Marc (ISO 2709) : E-mail record : QR code < ปิดหน้าต่าง
LEADER : 00000nam 2200000uu 4500
001    13399128879
003     ULIB
008    241024s2022||||th 000 0 tha d
020    ^a9781975173692
060 04 ^aWO700^bW938
245 00 ^aWound, Ostomy, and Continence Nurses Society corecurriculum Ostomy management /^ceditors, Jane E. Carmel, Janice C. Colwell, Margaret T. Goldberg
246 1  ^aWound management
250    ^a2ed
260    ^aPhiladelphia :^bWolters Kluwer,^c2022
300    ^axix, 384 pages :^bcolor illustrations ;^c28 cm
490 1  ^aWound, Ostomy and Continence Nurses Society corecurriculum series
504    ^aIncludes bibliographical references and index
650  2 ^aWounds and Injuries^xnursing
650  2 ^aOstomy^xnursing
650  2 ^aSkin^xinjuries
650  2 ^aSkin Diseases^xnursing
650  2 ^aWound Healing^xphysiology
700 1  ^aJane E. Carmel^eeditor
700 1  ^aJanice C. Colwell^eeditor
710 2  ^aWound, Ostomy, and Continence Nurses Society,^eissuingbody
830  0 ^aWound, Ostomy and Continence Nurses Society corecurriculum series
945    ^p2626^l0^i011126
999    ^aประนอม เกษจรัล
รายการนี้ยังไม่มีแท็ก
คุณยังไม่ได้ล็อกอิน คุณสามารถมีกิจกรรมร่วมกับเว็บไซต์ได้ แต่ต้องล็อกอินก่อน ::
  ล็อกอิน

รายการสื่อสารสนเทศ

ลำดับที่ ประเภท เลขเรียก/บาร์โค้ด สถานที่ สถานะ
1. วิทยาศาสตร์การแพทย์ และสุขภาพ
หนังสือสำรอง
สถานะ=หนังสือสำรอง
WO700 W938 ฉ.1 
  Barcode: 011126
ห้องสมุดวิทยาเขตสวรรค์ประชารักษ์
►หนังสือทั่วไป
บนชั้น

BibComment


ยังไม่เคยถูกคอมเมนท์

คอมเมนท์ทรัพยากรรายการนี้
  คอมเมนท์: Wound Ostomy and..


 Copyright 2026. Bcnsprnw @Library